000 00327 a2200145 4500
999 _c325364
_d325364
001 90291
003 NUST
082 _a891.4391 GUL
100 _aGulzar
_99801
245 _aTirvini
_hUrdu
250 _aIst
260 _aLahore
_bSang-e-Meel Publications
_c2012
300 _a143p.
500 _aGeneral Books
942 _aCAE NUST
_cBK
_k891.4391 GUL
_2ddc